01848nam a22003977a 4500003000500000005001700005008004100022010001100063011001100074035001100085040000900096090001000105100004300115245021300158260004000371500006000411502009900471590003700570590004100607590004100648590004100689590004100730590004100771590004200812650002700854650003400881700004000915856006400955901000701019942000901026949006301035949005801098999001901156952014001175952013501315CHAP20220329143928.0060912s2012 mx r 00010 spa d a103866 a104838 a115528 cCHAP aTesis1 aMagdaleno Martínez, Salvador.96982510aRediseño de un arado liviano de cuatro discos tipo international con características dimensionales del modelo 954 tipo pesadoh[En línea]c/por Salvador Magdaleno Martínez y Marcos Miguel Lais Gómez aChapingo, Méx. :bEl autor,c2012 aPara ver el contenido del material haga clic en la liga aTesis (Ing. Mecánico Agrícola) -- UACH. Departamento de Ingeniería Mecánica Agrícola aALEPHb10c20130110lUCH01h1546 aBATCH-UPDb10c20130110lUCH01h2016 aBATCH-UPDb10c20130410lUCH01h0827 aBATCH-UPDb10c20130914lUCH01h1713 aBATCH-UPDb10c20140324lUCH01h1534 aBATCH-UPDb10c20141002lUCH01h0855 aCONVERSIONb10c20130109lUCH01h135714aArados de disco.9641814aMaquinaria agrícola.9711511 aLais Gómez, Marcos Miguel.964499 3Finding aiduhttp://10.13.5.2/tesis/115528.pdfzTeclea aqui aBK cFOLL aTesisbBCcTESd33724002348736eTS2fc.2h53963i115528st aTesisbBCcTESd33724002348777eTS1h53962i115528st c103866d103866 00102local4053708TESISaBCbBCcPA_TESISd2019-12-31fTESISl0oTesisp33724002348736r2019-12-31 00:00:00tc.2w2019-12-31yTESIS 00102local4051708TESISaBCbBCcPA_TESISd2019-12-31fTESISl0oTesisp33724002348777r2019-12-31 00:00:00w2019-12-31yTESIS